• 首页
  • 本馆介绍
  • 公告通知
  • 最新文献
  • 馆藏检索
  • 电子资源
  • 读者导购
  • 参考咨询
  • 我的图书馆
  • 登录
  • 详细信息显示
  • 放入我的书架
  • 预约/预借图书
  • 作者相关作品
  • 分类相关作品
  • 丛书相关作品
  • 出版社相关作品

书目信息

  • 表格格式
  • 工作单格式
  • 卡片格式
题名:
影事追怀录
    
 
作者: 田汉 著
分册:  
出版信息: 北京   中国电影出版社  
页数:
开本: 20cm
丛书名:
单 册:
中图分类: I207.35
科图分类:
主题词: 文学--中国
电子资源:
ISBN:
000 00490nam0 2200193 45
001 0312221749
005 20060911174415.62
010    @dCNY1.10
091    @a8061.1558
100    @a20031222d km y0chiy0120 ea
101    @achi
200 1  @a影事追怀录@AYing Shi Zhui Huai Lu@f田汉著@FTian Han Zhu
210    @a北京@c中国电影出版社
215    @d20cm
606 0  @a文学@x中国
690    @aI207.35@v3
701 0  @a田汉@4著
801    @aCN@bTSTCL@c20060911
905    @dI207.35@e20@f3@b168847-849
    
    影事追怀录/田汉著.-北京:中国电影出版社
    20cm
    
    
    ISBN :CNY1.10
    
●
相关链接 在E读中查询图书 在五车中查询图书 在当当中查询图书 在豆瓣中查询图书


正题名:影事追怀录     索取号:I207.35/20         预约/预借

序号 登录号 条形码 馆藏地/架位号 状态 备注
1 0082586   000539974   密集书库/ [索取号:I207.35/20] 在馆    
2 0082587   000540025   密集书库/ [索取号:I207.35/20] 在馆    
3 0082588   000540034   密集书库/ [索取号:I207.35/20] 在馆    
4 0168847   000540007   第二借阅区/ [索取号:I207.35/20] 在馆    
5 0168848   000539938   第二借阅区/ [索取号:I207.35/20] 在馆    
6 0168849   000539947   第二借阅区/ [索取号:I207.35/20] 在馆    
7 0475252   204752525   密集书库/ [索取号:I207.35/20] 在馆    
唐山师范学院图书馆 欢迎您!
大连网信软件有限公司© 版权所有